<?xml version="1.0" encoding="UTF-8"?>
<record
    xmlns:xsi="http://www.w3.org/2001/XMLSchema-instance"
    xsi:schemaLocation="http://www.loc.gov/MARC21/slim http://www.loc.gov/standards/marcxml/schema/MARC21slim.xsd"
    xmlns="http://www.loc.gov/MARC21/slim">

  <leader>01511    a2200205   4500</leader>
  <controlfield tag="001">53981</controlfield>
  <controlfield tag="005">20260407155810.0</controlfield>
  <controlfield tag="008">260407a1971    arg                 spa d</controlfield>
  <controlfield tag="003">AR-UNSa-BCEJYS</controlfield>
  <datafield tag="040" ind1=" " ind2=" ">
    <subfield code="a">AR-UNSa-BCEJYS</subfield>
    <subfield code="b">spa</subfield>
    <subfield code="c">AR-UNSa-BCEJYS</subfield>
  </datafield>
  <datafield tag="080" ind1=" " ind2=" ">
    <subfield code="a">330.85</subfield>
    <subfield code="x">Doctrina econ&#xF3;mica marxista-leninista</subfield>
  </datafield>
  <datafield tag="245" ind1="1" ind2="0">
    <subfield code="a">La econom&#xED;a pol&#xED;tica de Marx</subfield>
    <subfield code="p">origen y desarrollo</subfield>
  </datafield>
  <datafield tag="264" ind1=" " ind2="1">
    <subfield code="a">Buenos Aires :</subfield>
    <subfield code="b">Paid&#xF3;s</subfield>
    <subfield code="c">1971</subfield>
  </datafield>
  <datafield tag="300" ind1=" " ind2=" ">
    <subfield code="a">283 p.</subfield>
    <subfield code="c">19 cm.</subfield>
  </datafield>
  <datafield tag="505" ind1=" " ind2=" ">
    <subfield code="a">Primera parte - 1. La esencia del marxismo - 2. La base hegeliana del marxismo - 3. La teor&#xED;a de la historia de Marx: su contenido fundamental - 4. La teor&#xED;a de la historia de Marx: visi&#xF3;n general - 5. Introducci&#xF3;n a la econom&#xED;a marxista - 6. La ley marxista del valor: la versi&#xF3;n inicial - 7. El salario de subsistencia - 8. La plusval&#xED;a - 9. La teor&#xED;a del valor y el precio de Marx: segunda y tercera versiones - 10. La plusval&#xED;a: segundo examen de lo que se divide - 11. Divisi&#xF3;n de la plusval&#xED;a: inter&#xE9;s y renta - 12. La circulaci&#xF3;n y acumulaci&#xF3;n del capital - 13. Introducci&#xF3;n al proceso de la contradicci&#xF3;n capitalista - 14. La declinaci&#xF3;n permanente en la tasa general de beneficio - 15. La causa fundamental de la contradicci&#xF3;n capitalista y las fuerzas que la gravan - 16. El imperialismo econ&#xF3;mico - 17. La miseria creciente de la clase trabajadora - 18. Las circunstancias objetivas para la revoluci&#xF3;n</subfield>
  </datafield>
  <datafield tag="041" ind1=" " ind2=" ">
    <subfield code="a">spa</subfield>
  </datafield>
  <datafield tag="942" ind1=" " ind2=" ">
    <subfield code="c">BK</subfield>
  </datafield>
  <datafield tag="590" ind1=" " ind2=" ">
    <subfield code="a">niveau_biblio:m niveau_hierar:0</subfield>
  </datafield>
  <datafield tag="100" ind1="1" ind2=" ">
    <subfield code="a">Balinky, Alexander</subfield>
  </datafield>
  <datafield tag="999" ind1=" " ind2=" ">
    <subfield code="c">5311</subfield>
    <subfield code="d">5311</subfield>
  </datafield>
  <datafield tag="952" ind1=" " ind2=" ">
    <subfield code="0">0</subfield>
    <subfield code="1">0</subfield>
    <subfield code="4">0</subfield>
    <subfield code="7">0</subfield>
    <subfield code="a">BCEJYS</subfield>
    <subfield code="b">BCEJYS</subfield>
    <subfield code="c">16</subfield>
    <subfield code="d">2026-04-07</subfield>
    <subfield code="l">0</subfield>
    <subfield code="o">330.85 B186</subfield>
    <subfield code="p">L23657</subfield>
    <subfield code="r">2026-04-07 15:58:10</subfield>
    <subfield code="w">2026-04-07</subfield>
    <subfield code="y">L</subfield>
  </datafield>
</record>
